00437cam a22001097a 4500008004000000082003000040100002500070245010200095260004800197300001100245440007100256180718b1988 xxu||||| |||| 00| 0 eng d aA81x54 In2/81/8/Pap1/1987 aCensus of India 1981 aJammu and Kashmir: households and household population by language mainly spoken in the household aDelhibThe Controller of Publicationsc1988 a161+p. aCensus of India 1981. Series-8, Jammu and Kashmir. Paper 1 of 1987